<?xml version="1.0" encoding="UTF-8"?>
<record
    xmlns:xsi="http://www.w3.org/2001/XMLSchema-instance"
    xsi:schemaLocation="http://www.loc.gov/MARC21/slim http://www.loc.gov/standards/marcxml/schema/MARC21slim.xsd"
    xmlns="http://www.loc.gov/MARC21/slim">

  <leader>00567nam a2200157Ia 4500</leader>
  <controlfield tag="008">230718s9999    xx            000 0 und d</controlfield>
  <datafield tag="041" ind1=" " ind2=" ">
    <subfield code="a">eng</subfield>
  </datafield>
  <datafield tag="082" ind1=" " ind2=" ">
    <subfield code="a">658.8'3</subfield>
    <subfield code="b">KAD</subfield>
  </datafield>
  <datafield tag="100" ind1=" " ind2=" ">
    <subfield code="a">Kaden R.J.</subfield>
    <subfield code="9">174551</subfield>
  </datafield>
  <datafield tag="245" ind1=" " ind2=" ">
    <subfield code="a">More Guerrilla Marketing Research:</subfield>
    <subfield code="b">Asking The Right People, The Right Questions, The Right Way And Effectively Using The Answers To Make More Money</subfield>
  </datafield>
  <datafield tag="260" ind1=" " ind2=" ">
    <subfield code="c">2010</subfield>
    <subfield code="b">Kogan Page</subfield>
  </datafield>
  <datafield tag="300" ind1=" " ind2=" ">
    <subfield code="a">349</subfield>
  </datafield>
  <datafield tag="365" ind1=" " ind2=" ">
    <subfield code="c">Rs.</subfield>
    <subfield code="b">495.00</subfield>
  </datafield>
  <datafield tag="700" ind1=" " ind2=" ">
    <subfield code="a">Kaden R.J., Linda G. &amp; Levinson J.C.</subfield>
    <subfield code="9">191613</subfield>
  </datafield>
  <datafield tag="906" ind1=" " ind2=" ">
    <subfield code="d">O:0118519-Oct-2010B:558529-Sep-2010</subfield>
    <subfield code="c">MGMT</subfield>
    <subfield code="b">123.75</subfield>
  </datafield>
  <datafield tag="999" ind1=" " ind2=" ">
    <subfield code="c">326059</subfield>
    <subfield code="d">326059</subfield>
  </datafield>
  <datafield tag="952" ind1=" " ind2=" ">
    <subfield code="0">0</subfield>
    <subfield code="1">0</subfield>
    <subfield code="4">0</subfield>
    <subfield code="7">0</subfield>
    <subfield code="a">CCEP</subfield>
    <subfield code="b">CCEP</subfield>
    <subfield code="d">2010-10-19</subfield>
    <subfield code="e">Tbs</subfield>
    <subfield code="f">MGMT</subfield>
    <subfield code="g">371.25</subfield>
    <subfield code="i">5585</subfield>
    <subfield code="l">0</subfield>
    <subfield code="o">658.8'3</subfield>
    <subfield code="p">CCEP-BK-37266</subfield>
    <subfield code="r">2023-07-18 00:00:00</subfield>
    <subfield code="t">123.75</subfield>
    <subfield code="v">495.00</subfield>
    <subfield code="w">2010-09-29</subfield>
    <subfield code="y">BK</subfield>
    <subfield code="z">037266</subfield>
  </datafield>
</record>
